00353nam a2200157Ia 4500008004100000020001800041245002200059245001700081260001500098260001600113260000900129300001400138300002500152300001000177500000800187170705s9999 xx 000 0 und d a9780545854276 2aA piece of cake / cLeUyen Pham. aNew York : bScholastic, c2014 aunpaged : bcolor illustration ; c24cm. a480